000 00429nam a22001457a 4500
999 _c17470
_d17470
008 221021b ||||| |||| 00| 0 eng d
020 _a9780525618515
082 _22019
_aDFic
_bK286
100 _aKellerman, Jonathan.
_946483
245 _aThe wedding guest /
_cJonathan Kellerman.
260 _aNew York :
_bBallantine Books,
_c©2019.
300 _a439 pages ;
_c19 cm.
650 _aMystery fiction.
_946484
942 _2ddc
_cDFIC